| 000 | 00352nam a2200133Ia 4500 | ||
|---|---|---|---|
| 008 | 240624s9999 xx 000 0 und d | ||
| 041 | _aeng | ||
| 082 | _a658.3124 HAR | ||
| 100 | _aHARRISON ROSEMARY | ||
| 245 | _aTRAINING AND DEVELOPMENT AUDIT | ||
| 260 |
_aUK _bCambridge Strategy Publications Ltd |
||
| 300 | _a87 : p. : cm. ; 29 | ||
| 365 |
_cRS _b50 |
||
| 999 |
_c28498 _d28498 |
||